000 00540nam a22001937a 4500
008 150710b xxu||||| |||| 00| 0 alb d
020 _a9789951437189
041 0 _aalb
080 _a72.012.1
_a692
_x(075.8)
100 _aBeqaj, Binak ;
245 _aProjektimi i konstruksioneve arkitektonike /
_cBinak Beqaj.
260 _aPrishtinë :
_bUBT ;
_c2012.
300 _a233 f. :
_bme il. ;
_c24 cm.
500 _aParathënie : f. 9-10
505 _aLiteratura : f. 233
650 0 _aArkitekturë
650 0 _aProjektim
942 _2udc
_cBK
999 _c1106
_d1106